Trestní právo v evropském kontextu
Súčasný stav a pramene európskeho trestného práva. Typológia európskeho trestného práva. Európske spávne trestné právo. Európska sieť spolupráce v oblasti trestného práva. Európsky modelový trestný zákon.
Salvato in:
| Autore principale: | |
|---|---|
| Natura: | Capitolo di libro |
| Lingua: | ceco |
| Soggetti: | |
| Tags: |
Nessun Tag, puoi essere il primo ad aggiungerne!!
|
MARC
| LEADER | 00000naa a2200000 4500 | ||
|---|---|---|---|
| 001 | r047715 | ||
| 005 | 20230929115948.6 | ||
| 041 | 0 | |a cze | |
| 044 | |a SK | ||
| 245 | 1 | 0 | |a Trestní právo v evropském kontextu |c Simona Stočesová |
| 520 | |a Súčasný stav a pramene európskeho trestného práva. Typológia európskeho trestného práva. Európske spávne trestné právo. Európska sieť spolupráce v oblasti trestného práva. Európsky modelový trestný zákon. | ||
| 610 | 2 | 0 | |a právo trestné medzinárodné |
| 610 | 2 | 0 | |a právo trestné |
| 610 | 2 | 0 | |a právo správne |
| 610 | 2 | 0 | |a spolupráca medzinárodná |
| 610 | 2 | 0 | |a úpravy právne |
| 610 | 2 | 0 | |a Európska únia |
| 100 | 1 | |a Stočesová, Simona | |